000 00523nam a2200193 a 4500
005 20210223132228.0
008 131202s2010 pe r 000 0 spa d
020 _a9789972093326
035 _aUPN01000194360
049 _aCG
050 4 _aPQ8498.13 U3.7
_bP3.4
100 1 _aCueto, Alonso,
_d1954-
_935319
245 1 0 _aPálido cielo y otros relatos /
_cAlonso Cueto.
260 _aLima :
_bNorma,
_c2010.
300 _a152 p.
650 4 _aLITERATURA JUVENIL PERUANA
_918254
905 _aLibro
999 _c166461
_d166461